[Event "BL 8283 Frankfurt-Solingen"]
[Site "?"]
[Date "1983.??.??"]
[Round "?.7"]
[White "Bilek, M."]
[Black "Fahnenschmidt, G."]
[Result "1/2-1/2"]
[WhiteElo "2305"]
[BlackElo "2355"]
[PlyCount "29"]
[EventDate "1983.??.??"]

1. d4 Nf6 2. Nf3 e6 3. c4 b6 4. Nc3 Bb4 5. Qb3 c5 6. a3 Bxc3+ 7. Qxc3 O-O 8.
Bg5 Bb7 9. e3 cxd4 10. Qxd4 d5 11. cxd5 Bxd5 12. e4 Bb7 13. Qxd8 Rxd8 14. e5 h6
15. Bh4 1/2-1/2

[Event "BL 8283 Bamberg-Frankfurt"]
[Site "?"]
[Date "1983.??.??"]
[Round "?.1"]
[White "Sosonko, G."]
[Black "Hartmann, Wo"]
[Result "1/2-1/2"]
[WhiteElo "2575"]
[BlackElo "2275"]
[PlyCount "39"]
[EventDate "1983.??.??"]

1. d4 Nf6 2. c4 e6 3. g3 Bb4+ 4. Bd2 a5 5. Bg2 d5 6. Qc2 Nc6 7. Nf3 dxc4 8.
Qxc4 Qd5 9. Qd3 Qe4 10. Qxe4 Nxe4 11. Bxb4 Nxb4 12. Na3 f6 13. Nd2 Nd6 14. O-O
Bd7 15. Rfc1 Bc6 16. e4 O-O-O 17. Rc5 Nd3 18. Rc2 Nb4 19. Rc3 Kb8 20. Rc5
1/2-1/2

[Event "BL 8283 Bamberg-Frankfurt"]
[Site "?"]
[Date "1983.??.??"]
[Round "?.2"]
[White "Backwinkel, P."]
[Black "Lobron, E."]
[Result "0-1"]
[WhiteElo "2305"]
[BlackElo "2470"]
[PlyCount "84"]
[EventDate "1983.??.??"]

1. d4 Nf6 2. c4 e6 3. Nf3 c5 4. d5 exd5 5. cxd5 d6 6. Nc3 g6 7. Bf4 a6 8. e4 b5
9. Nd2 Bg7 10. Be2 O-O 11. O-O Re8 12. Qc2 Ra7 13. Bf3 Bg4 14. Bxg4 Nxg4 15. h3
Nf6 16. a4 b4 17. Nd1 Rae7 18. f3 Nh5 19. Bh2 f5 20. Nf2 f4 21. Nd3 g5 22. Nc4
Bd4+ 23. Kh1 Rg7 24. Rad1 Qf6 25. a5 Kh8 26. Nf2 Rg6 27. Ng4 Qg7 28. Rde1 Nd7
29. Qa4 Rc8 30. Re2 Ne5 31. Ngxe5 dxe5 32. Qb3 Rg8 33. Qd3 Rh6 34. Rc2 Qd7 35.
Nb6 Qb7 36. Rfc1 g4 37. fxg4 Rxg4 38. Rxc5 Bxc5 39. Rxc5 Rg8 40. d6 Qg7 41. Rc2
Rg6 42. Rc7 Rxd6 0-1

[Event "BL 8283 Bamberg-Frankfurt"]
[Site "?"]
[Date "1983.??.??"]
[Round "?.4"]
[White "Bartsch, B."]
[Black "Werner, D."]
[Result "0-1"]
[WhiteElo "2265"]
[BlackElo "2340"]
[PlyCount "74"]
[EventDate "1983.??.??"]

1. e4 e6 2. Qe2 c5 3. g3 b6 4. Bg2 Bb7 5. Nf3 Nf6 6. e5 Nd5 7. O-O Nc6 8. b3
Be7 9. Bb2 O-O 10. d4 cxd4 11. Nxd4 Nxd4 12. Bxd4 Qc8 13. c4 Nb4 14. Bxb7 Qxb7
15. Nc3 Nc6 16. Rad1 f6 17. Qe4 f5 18. Qe3 Rf7 19. Ne2 g5 20. Qf3 Rc8 21. Rd3
Qb8 22. Rfd1 Bc5 23. Qh5 Bxd4 24. Nxd4 Nxe5 25. R3d2 g4 26. f4 gxf3 27. Nxf3
Nxf3+ 28. Qxf3 Qc7 29. Rd6 Re8 30. Qf4 Qc5+ 31. Kg2 Ree7 32. Qd2 f4 33. Rf1
fxg3 34. hxg3 Rxf1 35. Kxf1 Qf5+ 36. Kg2 Rf7 37. Rxd7 Qf1+ 0-1

[Event "BL 8283 Bamberg-Frankfurt"]
[Site "?"]
[Date "1983.??.??"]
[Round "?.6"]
[White "Ruehrig, V."]
[Black "Bialas, W."]
[Result "0-1"]
[WhiteElo "2300"]
[BlackElo "2345"]
[PlyCount "90"]
[EventDate "1983.??.??"]

1. e4 g6 2. d4 Bg7 3. Nc3 d6 4. Nf3 c6 5. a4 Nf6 6. Be2 O-O 7. O-O Nbd7 8. Nd2
e5 9. d5 cxd5 10. exd5 Nb6 11. Ndb1 a5 12. Na3 Bd7 13. Bb5 Rc8 14. Be3 Bf5 15.
h3 Rxc3 16. Bxb6 Qxb6 17. bxc3 Qc5 18. c4 Ne4 19. Qc1 Ng3 20. Re1 Ne4 21. Qe3
Qxe3 22. Rxe3 Nc5 23. Rd1 h5 24. Kh2 g5 25. Re2 g4 26. Nb1 gxh3 27. gxh3 Bh6
28. Nc3 Kh7 29. Rg1 Bf4+ 30. Kh1 Bxh3 31. Ne4 Nxe4 32. Rxe4 Bg4 33. Rxf4 exf4
34. Re1 Bf3+ 35. Kh2 Rg8 36. c5 dxc5 37. d6 Rg2+ 38. Kh3 Rxf2 39. d7 Bg4+ 40.
Kh4 Kh6 41. Rh1 Rd2 42. c3 Kg6 43. c4 Bxd7 44. Rg1+ Bg4 45. Rh1 f3 0-1

[Event "BL 8283 Bamberg-Frankfurt"]
[Site "?"]
[Date "1983.??.??"]
[Round "?.7"]
[White "Steinbacher, M."]
[Black "Schlaugat, M."]
[Result "0-1"]
[WhiteElo "2265"]
[BlackElo "2235"]
[PlyCount "62"]
[EventDate "1983.??.??"]

1. e4 c6 2. d4 d5 3. e5 Bf5 4. Bd3 Bxd3 5. Qxd3 e6 6. Ne2 c5 7. O-O Nc6 8. dxc5
Bxc5 9. Qg3 Nge7 10. Bg5 Nf5 11. Qg4 Qc7 12. Nbc3 h5 13. Qh3 Qxe5 14. Rfe1 Nfe7
15. Bxe7 Nxe7 16. Rad1 Qf6 17. Kh1 Rd8 18. Ng3 Bd6 19. Nb5 Bb8 20. c4 g6 21.
cxd5 Nxd5 22. Ne4 Qe7 23. Qf3 Kf8 24. g3 Kg7 25. h4 a6 26. Nd4 Be5 27. Ng5 Qf6
28. Rxe5 Qxe5 29. Qxf7+ Kh6 30. Ndxe6 Rc8 31. Qh7+ Rxh7 0-1

[Event "BL 8283 Bamberg-Frankfurt"]
[Site "?"]
[Date "1983.??.??"]
[Round "?.8"]
[White "Treppner, G."]
[Black "Fahnenschmidt, G."]
[Result "0-1"]
[WhiteElo "2310"]
[BlackElo "2355"]
[PlyCount "52"]
[EventDate "1983.??.??"]

1. Nf3 Nf6 2. c4 e6 3. Nc3 c5 4. e3 Nc6 5. d4 d5 6. cxd5 exd5 7. Be2 Be7 8. O-O
O-O 9. dxc5 Bxc5 10. b3 a6 11. Bb2 Re8 12. Rc1 Ba7 13. Na4 Ne4 14. Nd4 Qd6 15.
Bf3 Bd7 16. Nxc6 Bxc6 17. Bd4 Bb8 18. g3 Bc7 19. Bb6 Bxb6 20. Nxb6 Rad8 21. Na4
Qf6 22. Bg2 Bb5 23. Nc5 Bxf1 24. Qxf1 Nxc5 25. Rxc5 d4 26. exd4 Qxd4 0-1

[Event "BL 8283 Erlangen-Kettig"]
[Site "?"]
[Date "1983.??.??"]
[Round "?.1"]
[White "Weidemann, J."]
[Black "Feustel, B."]
[Result "1/2-1/2"]
[WhiteElo "2285"]
[BlackElo "2360"]
[PlyCount "36"]
[EventDate "1983.??.??"]

1. e4 g6 2. d4 Bg7 3. Nf3 d6 4. c4 Nd7 5. Nc3 e6 6. g3 Ne7 7. Bg2 O-O 8. O-O
Rb8 9. Re1 a6 10. a4 b6 11. Be3 h6 12. Qc2 c5 13. Rad1 Qc7 14. Qd2 Kh7 15. Re2
Nc6 16. dxc5 bxc5 17. Qxd6 Qxd6 18. Rxd6 Na5 1/2-1/2

[Event "BL 8283 Frankfurt-Erlangen"]
[Site "?"]
[Date "1983.??.??"]
[Round "?.1"]
[White "Feustel, B."]
[Black "Sosonko, G."]
[Result "1/2-1/2"]
[WhiteElo "2360"]
[BlackElo "2575"]
[PlyCount "40"]
[EventDate "1983.??.??"]

1. Nf3 d5 2. c4 e6 3. b3 Nf6 4. g3 Be7 5. Bg2 O-O 6. O-O c5 7. e3 Nc6 8. Qe2 b6
9. d3 Bb7 10. Bb2 Qc7 11. Nbd2 Rfd8 12. Rfd1 Rac8 13. Rac1 Qb8 14. h3 Qa8 15.
cxd5 Nxd5 16. Nc4 Bf6 17. e4 Nc7 18. Bxf6 gxf6 19. Nh2 Nd4 20. Qh5 Ne8 1/2-1/2

[Event "BL 8283 Frankfurt-Erlangen"]
[Site "?"]
[Date "1983.??.??"]
[Round "?.2"]
[White "Lobron, E."]
[Black "Heidrich, M."]
[Result "1-0"]
[WhiteElo "2470"]
[BlackElo "2225"]
[PlyCount "43"]
[EventDate "1983.??.??"]

1. e4 c5 2. Nf3 Nc6 3. d4 cxd4 4. Nxd4 e5 5. Nb5 a6 6. Nd6+ Bxd6 7. Qxd6 Qf6 8.
Qc7 Nge7 9. Nc3 Nb4 10. Bd3 d5 11. O-O O-O 12. f4 Nxd3 13. cxd3 exf4 14. Bxf4
Qe6 15. Bd6 Re8 16. Na4 Nc6 17. Nb6 Rd8 18. Nxa8 Qxd6 19. Qxf7+ Kh8 20. exd5
Qc5+ 21. Kh1 Ne5 22. d4 1-0

[Event "BL 8283 Frankfurt-Erlangen"]
[Site "?"]
[Date "1983.??.??"]
[Round "?.5"]
[White "Roeder, F."]
[Black "Haakert, J."]
[Result "1/2-1/2"]
[WhiteElo "2275"]
[BlackElo "2305"]
[PlyCount "43"]
[EventDate "1983.??.??"]

1. e4 Nf6 2. Nc3 d5 3. exd5 Nxd5 4. Bc4 Nb6 5. Bb3 c5 6. d3 Nc6 7. Qf3 e6 8.
Nge2 Be7 9. Qg3 O-O 10. Bh6 Bf6 11. Ne4 Kh8 12. Nxf6 Qxf6 13. Bd2 e5 14. O-O
Be6 15. f4 Bxb3 16. axb3 Nd5 17. f5 Qd6 18. c4 Nf6 19. Bg5 Ng8 20. f6 gxf6 21.
Bh4 Nce7 22. Rf3 1/2-1/2

[Event "BL 8283 Frankfurt-Erlangen"]
[Site "?"]
[Date "1983.??.??"]
[Round "?.7"]
[White "Stoll, J."]
[Black "Steinbacher, M."]
[Result "1-0"]
[WhiteElo "2225"]
[BlackElo "2265"]
[PlyCount "101"]
[EventDate "1983.??.??"]

1. c4 c5 2. Nf3 Nf6 3. b3 g6 4. Bb2 Bg7 5. g3 b6 6. Bg2 Bb7 7. O-O O-O 8. d4
Na6 9. d5 e6 10. Ne1 exd5 11. cxd5 Re8 12. Nc3 d6 13. Nd3 Nc7 14. e4 b5 15. Re1
Nd7 16. f4 Bd4+ 17. Kh1 f5 18. exf5 Rxe1+ 19. Nxe1 gxf5 20. Nc2 Bg7 21. Qd3 b4
22. Na4 Bxb2 23. Nxb2 Qf6 24. Nc4 Nb6 25. Rd1 Bxd5 26. Bxd5+ Nbxd5 27. N2e3 Nc3
28. Qxd6 Qxd6 29. Rxd6 N7b5 30. Rc6 Nd4 31. Rxc5 Nxa2 32. Na5 Re8 33. Nxf5 Nxf5
34. Rxf5 Re2 35. Rb5 Rb2 36. Rb7 a6 37. g4 h5 38. h3 hxg4 39. hxg4 Rf2 40. f5
Rf4 41. Rb6 Rxg4 42. Rxa6 Rf4 43. f6 Nc1 44. Nc4 Nxb3 45. Ne5 Nc5 46. Ra8+ Kh7
47. f7 Ne6 48. Re8 b3 49. Rxe6 b2 50. Rb6 Kg7 51. Rxb2 1-0

[Event "BL 8283 Kettig-Bamberg"]
[Site "?"]
[Date "1983.??.??"]
[Round "?.1"]
[White "Hartmann, Wo"]
[Black "Weidemann, J."]
[Result "1-0"]
[WhiteElo "2275"]
[BlackElo "2285"]
[PlyCount "85"]
[EventDate "1983.??.??"]

1. e4 c5 2. Nf3 Nc6 3. d4 cxd4 4. Nxd4 Nf6 5. Nc3 e5 6. Ndb5 d6 7. Bg5 a6 8.
Na3 b5 9. Nd5 Be7 10. Bxf6 Bxf6 11. c3 O-O 12. Nc2 Bg5 13. a4 bxa4 14. Rxa4 Kh8
15. Nce3 Rb8 16. Nc4 Ne7 17. Nb4 Rb7 18. Rxa6 d5 19. Rd6 Qe8 20. exd5 e4 21.
Be2 e3 22. f3 Nf5 23. Rb6 Rxb6 24. Nxb6 Qe5 25. Qa4 Bh4+ 26. g3 Bxg3+ 27. hxg3
Nxg3 28. Rh4 Qf6 29. Nc6 Nxe2 30. Kxe2 Ba6+ 31. Kxe3 Qg5+ 32. Kf2 Qd2+ 33. Kg3
Qe1+ 34. Kh3 Bf1+ 35. Kg4 f5+ 36. Kh5 Qe8+ 37. Kg5 h6+ 38. Rxh6+ gxh6+ 39. Kf4
Qg6 40. Qd4+ Kh7 41. Nd7 Qg5+ 42. Ke5 Qe7+ 43. Nxe7 1-0

[Event "BL 8283 München 36-Bochum"]
[Site "?"]
[Date "1983.??.??"]
[Round "?.1"]
[White "Schussler, H."]
[Black "Unzicker, W."]
[Result "1/2-1/2"]
[WhiteElo "2495"]
[BlackElo "2465"]
[PlyCount "63"]
[EventDate "1983.??.??"]

1. d4 Nf6 2. c4 e6 3. Nf3 b6 4. a3 Bb7 5. Nc3 d5 6. cxd5 Nxd5 7. Qc2 c5 8. e4
Nxc3 9. bxc3 Nd7 10. Bd3 Qc7 11. Qb1 g6 12. O-O Bg7 13. a4 O-O 14. a5 bxa5 15.
Qb5 Rfc8 16. Bd2 Nb6 17. Qxa5 Qd7 18. Be3 cxd4 19. cxd4 f5 20. exf5 exf5 21.
Ne5 Qd5 22. Qxd5+ Bxd5 23. Ra5 Bc4 24. Nxc4 Nxc4 25. Bxc4+ Rxc4 26. d5 Bd4 27.
Rd1 Bxe3 28. fxe3 Rc7 29. g4 Re8 30. d6 Rd7 31. gxf5 Rxe3 32. fxg6 1/2-1/2

[Event "BL 8283 München 36-Bochum"]
[Site "?"]
[Date "1983.??.??"]
[Round "?.2"]
[White "Robatsch, K."]
[Black "Borik, O."]
[Result "1/2-1/2"]
[WhiteElo "2410"]
[BlackElo "2380"]
[PlyCount "66"]
[EventDate "1983.??.??"]

1. c4 Nf6 2. Nc3 g6 3. e4 d6 4. d4 Bg7 5. Nf3 O-O 6. Be2 e5 7. Be3 Qe8 8. d5
Ng4 9. Bc1 f5 10. O-O Nf6 11. b4 a5 12. bxa5 Rxa5 13. Nd2 Ra8 14. f3 Na6 15.
Nb3 Bd7 16. a4 Kh8 17. Be3 f4 18. Bf2 g5 19. c5 Rg8 20. cxd6 cxd6 21. Na5 Bf8
22. Nc4 g4 23. Bh4 Qg6 24. Bxf6+ Qxf6 25. fxg4 Rc8 26. Nb6 Rxc3 27. Nxd7 Qd8
28. Nxf8 Rxf8 29. Bxa6 bxa6 30. Rc1 Qb6+ 31. Kh1 Rfc8 32. Rxc3 Rxc3 33. Qe1 Qe3
1/2-1/2

[Event "BL 8283 München 36-Bochum"]
[Site "?"]
[Date "1983.??.??"]
[Round "?.3"]
[White "Budde, V."]
[Black "Bastian, H."]
[Result "1/2-1/2"]
[WhiteElo "2335"]
[BlackElo "2360"]
[PlyCount "145"]
[EventDate "1983.??.??"]

1. d4 Nf6 2. c4 g6 3. Nc3 Bg7 4. e4 O-O 5. Nf3 d6 6. h3 e5 7. d5 a5 8. g4 Na6
9. Be3 Nc5 10. Nd2 Bd7 11. f3 Ne8 12. h4 Bf6 13. Bf2 Ng7 14. Nb3 Be7 15. Nxc5
dxc5 16. Qd2 f5 17. exf5 gxf5 18. g5 Ra6 19. O-O-O Nh5 20. Rg1 Rg6 21. Bd3 Bd6
22. Be3 b6 23. Bc2 Qe8 24. Rde1 Qf7 25. Kb1 Re8 26. Qd1 Bf8 27. Ne2 Bd6 28. Bd2
Rg7 29. Qc1 Qg6 30. Bc3 Rge7 31. Qe3 c6 32. Qd2 Bc7 33. Rd1 cxd5 34. cxd5 Bd6
35. Rgf1 a4 36. b3 axb3 37. axb3 b5 38. Bb2 b4 39. Qd3 Rb8 40. Rfe1 Rbe8 41.
Qa6 Rb8 42. Bd3 e4 43. fxe4 fxe4 44. Bc4 Bc8 45. Qa1 Bg4 46. Bf6 Ree8 47. Qa6
Nxf6 48. Qxd6 Nd7 49. Qxg6+ hxg6 50. d6+ Kg7 51. Kb2 Ne5 52. d7 Nxd7 53. Rd6
Rb6 54. Rd5 Be6 55. Rdd1 Ne5 56. Bxe6 Nd3+ 57. Rxd3 exd3 58. Nf4 d2 59. Ra1
Rbxe6 60. Nxe6+ Rxe6 61. Ra7+ Kf8 62. Rd7 Re2 63. Kc2 Rh2 64. Rc7 Rxh4 65. Kxd2
Rd4+ 66. Ke3 Rd5 67. Kf4 Rf5+ 68. Kg4 Re5 69. Kf4 Rd5 70. Rc6 Rf5+ 71. Kg4 Kf7
72. Rc7+ Kf8 73. Rc6 1/2-1/2

[Event "BL 8283 Bayern-Solingen"]
[Site "?"]
[Date "1983.??.??"]
[Round "?.1"]
[White "Spassky, B."]
[Black "Pfleger, He"]
[Result "1/2-1/2"]
[WhiteElo "2610"]
[BlackElo "2505"]
[PlyCount "45"]
[EventDate "1983.??.??"]

1. e4 d6 2. d4 Nf6 3. Nc3 g6 4. Nf3 Bg7 5. h3 O-O 6. Be3 c6 7. Qd2 Nbd7 8. Be2
e5 9. O-O Qe7 10. dxe5 dxe5 11. a3 Nc5 12. Ng5 Ne6 13. Nxe6 Bxe6 14. Rfd1 Rfd8
15. Qe1 Nd7 16. Rd2 Bf6 17. Rad1 Bg5 18. Bf1 Nb6 19. Bxg5 Qxg5 20. Qe3 Qe7 21.
a4 Rxd2 22. Qxd2 Qb4 23. b3 1/2-1/2

[Event "BL 8283 Bayern-Solingen"]
[Site "?"]
[Date "1983.??.??"]
[Round "?.2"]
[White "Kindermann, S."]
[Black "Kavalek, L."]
[Result "1/2-1/2"]
[WhiteElo "2465"]
[BlackElo "2570"]
[PlyCount "32"]
[EventDate "1983.??.??"]

1. e4 e5 2. Bc4 Nf6 3. d3 Nc6 4. Nf3 Bc5 5. O-O a6 6. Bb3 d6 7. c3 Ba7 8. Nbd2
O-O 9. Nc4 h6 10. Re1 Re8 11. Be3 Bxe3 12. Nxe3 Be6 13. Bxe6 Rxe6 14. Nd5 Ne7
15. Nxf6+ Rxf6 16. d4 Ng6 1/2-1/2

[Event "BL 8283 Bayern-Solingen"]
[Site "?"]
[Date "1983.??.??"]
[Round "?.3"]
[White "Hecht, H."]
[Black "Bischoff, K."]
[Result "0-1"]
[WhiteElo "2455"]
[BlackElo "2405"]
[PlyCount "86"]
[EventDate "1983.??.??"]

1. e4 c5 2. Nf3 e6 3. c3 Nf6 4. e5 Nd5 5. g3 Nc6 6. Bg2 b6 7. O-O Ba6 8. d3 Qc7
9. Re1 f6 10. c4 Nde7 11. Nc3 Ng6 12. exf6 gxf6 13. Nd5 Qd8 14. b4 cxb4 15. Bb2
Bg7 16. Nd4 Nxd4 17. Bxd4 Bb7 18. Nxf6+ Bxf6 19. Bxf6 Qxf6 20. Bxb7 Rb8 21. Bg2
O-O 22. Qd2 b5 23. cxb5 Rxb5 24. d4 a5 25. f4 a4 26. d5 b3 27. axb3 axb3 28.
Rab1 e5 29. fxe5 Nxe5 30. Rf1 Qb6+ 31. Kh1 Rxf1+ 32. Rxf1 b2 33. Qf4 Qb8 34.
Rb1 Ng6 35. Qd2 Qe5 36. Kg1 d6 37. Bf1 Rb7 38. Bd3 Qd4+ 39. Kg2 Rb3 40. Qc2
Qxd3 41. Qc8+ Kg7 42. Qd7+ Kh6 43. Qh3+ Kg5 0-1

[Event "BL 8283 Bayern-Solingen"]
[Site "?"]
[Date "1983.??.??"]
[Round "?.4"]
[White "Calvo Minguez, R."]
[Black "Lau, R."]
[Result "1-0"]
[WhiteElo "2420"]
[BlackElo "2415"]
[PlyCount "87"]
[EventDate "1983.??.??"]

1. Nf3 Nf6 2. b3 b6 3. Bb2 e6 4. g3 Bb7 5. Bg2 Be7 6. c4 O-O 7. O-O c5 8. e3 d5
9. Qe2 dxc4 10. bxc4 Nc6 11. Rd1 Qc7 12. Nc3 Rfd8 13. d3 a6 14. Rab1 Rab8 15.
Ng5 h6 16. Nge4 Na5 17. f4 Bc6 18. f5 Nxe4 19. Bxe4 Bxe4 20. Nxe4 exf5 21. Nc3
Nc6 22. Nd5 Qd7 23. Rf1 Bf8 24. Bf6 Re8 25. Qh5 Nb4 26. Rxf5 g6 27. Rg5 Nxd5
28. Rxd5 gxh5 29. Rxd7 Rxe3 30. Rf1 Rbe8 31. Bd8 R3e6 32. Kg2 b5 33. Bh4 Be7
34. Kh3 f6 35. Rf5 Kf7 36. Rxc5 Kg6 37. Rcc7 Bd6 38. Rc6 Be5 39. cxb5 axb5 40.
Rc5 b4 41. d4 Rd6 42. Rxe5 Rxd4 43. Rxe8 Rxd7 44. Re6 1-0

[Event "BL 8283 Bayern-Solingen"]
[Site "?"]
[Date "1983.??.??"]
[Round "?.5"]
[White "Borngaesser, R."]
[Black "Klundt, K."]
[Result "1/2-1/2"]
[WhiteElo "2320"]
[BlackElo "2380"]
[PlyCount "44"]
[EventDate "1983.??.??"]

1. e4 c5 2. Nc3 Nc6 3. g3 g6 4. Bg2 Bg7 5. d3 e6 6. f4 Nge7 7. Nf3 d6 8. O-O
O-O 9. Bd2 Rb8 10. Rb1 b5 11. a3 a5 12. Ne2 b4 13. axb4 axb4 14. g4 f5 15. gxf5
exf5 16. Ng3 d5 17. e5 Qb6 18. Be1 Ba6 19. Bf2 Nd8 20. Ne2 Ne6 21. Bh4 Rfe8 22.
Nd2 Rbd8 1/2-1/2

[Event "BL 8283 Bayern-Solingen"]
[Site "?"]
[Date "1983.??.??"]
[Round "?.6"]
[White "Westermeier, A."]
[Black "Dueball, J."]
[Result "1/2-1/2"]
[WhiteElo "2305"]
[BlackElo "2455"]
[PlyCount "41"]
[EventDate "1983.??.??"]

1. e4 c5 2. Nf3 Nc6 3. d4 cxd4 4. Nxd4 Nf6 5. Nc3 d6 6. Be2 g6 7. Be3 Bg7 8.
Nb3 O-O 9. f4 Be6 10. g4 Rc8 11. g5 Nd7 12. Qd2 Nb6 13. O-O-O Nb4 14. Kb1 Nc4
15. Bxc4 Rxc4 16. Bd4 Bg4 17. Rc1 e5 18. fxe5 dxe5 19. Be3 b6 20. Qg2 Be6 21.
h4 1/2-1/2

[Event "BL 8283 Bayern-Solingen"]
[Site "?"]
[Date "1983.??.??"]
[Round "?.7"]
[White "Bilek, M."]
[Black "Saacke, B."]
[Result "1/2-1/2"]
[WhiteElo "2305"]
[BlackElo "2380"]
[PlyCount "80"]
[EventDate "1983.??.??"]

1. d4 e6 2. Nf3 Nf6 3. Bf4 c5 4. c3 Nc6 5. e3 Be7 6. Nbd2 Nh5 7. Bg3 Nxg3 8.
hxg3 d5 9. Bd3 h6 10. Qe2 cxd4 11. exd4 Bd7 12. Ne5 Nxe5 13. Qxe5 Bf6 14. Qe2
Qb6 15. Nf3 Rc8 16. g4 Ke7 17. Kf1 Rhe8 18. Rh5 Qd6 19. Re1 Kd8 20. Qd2 Kc7 21.
Ne5 Bxe5 22. dxe5 Qb6 23. g5 hxg5 24. Rxg5 g6 25. Rg4 Kb8 26. Rb4 Qc7 27. Rh4
Rh8 28. Qf4 Bc6 29. Qf6 Rxh4 30. Qxh4 Qd8 31. Qf4 Qe7 32. Re3 Rh8 33. Rh3 Rxh3
34. gxh3 Kc7 35. h4 a6 36. Ke1 Kd8 37. Be2 Be8 38. h5 gxh5 39. Bxh5 Kc7 40. Kd2
Kb8 {.../50/} 1/2-1/2

[Event "BL 8283 Bayern-Solingen"]
[Site "?"]
[Date "1983.??.??"]
[Round "?.8"]
[White "Schubert, C."]
[Black "Besser, H."]
[Result "1/2-1/2"]
[WhiteElo "2255"]
[BlackElo "2360"]
[PlyCount "59"]
[EventDate "1983.??.??"]

1. e4 e6 2. d4 d5 3. Nd2 dxe4 4. Nxe4 Nd7 5. Nf3 Ngf6 6. Nxf6+ Nxf6 7. Bg5 Be7
8. Bd3 b6 9. Ne5 Bb7 10. Bb5+ c6 11. Ba4 b5 12. Bb3 O-O 13. O-O Nd7 14. Bxe7
Qxe7 15. Re1 Nxe5 16. Rxe5 Rfd8 17. c3 Rac8 18. Qh5 g6 19. Qh6 c5 20. Rae1 cxd4
21. Rxe6 Qf8 22. Qxf8+ Kxf8 23. Re7 Bd5 24. Bxd5 Rxd5 25. cxd4 Rxd4 26. g3 Rc2
27. R1e2 Rdd2 28. Rxd2 Rxd2 29. Rxa7 Rxb2 30. a3 1/2-1/2

[Event "BL 8283 Bochum-Bayern"]
[Site "?"]
[Date "1983.??.??"]
[Round "?.1"]
[White "Pfleger, He"]
[Black "Schussler, H."]
[Result "1/2-1/2"]
[WhiteElo "2505"]
[BlackElo "2495"]
[PlyCount "30"]
[EventDate "1983.??.??"]

1. d4 Nf6 2. Nf3 e6 3. c4 b6 4. g3 Ba6 5. Qc2 Bb7 6. Bg2 c5 7. dxc5 Bxc5 8. O-O
Nc6 9. Nc3 O-O 10. Rd1 Qc8 11. b3 d5 12. cxd5 Nb4 13. Qb2 Nbxd5 14. Nxd5 Bxd5
15. Bd2 Qa6 1/2-1/2

[Event "BL 8283 Bochum-Bayern"]
[Site "?"]
[Date "1983.??.??"]
[Round "?.2"]
[White "Borik, O."]
[Black "Kindermann, S."]
[Result "1/2-1/2"]
[WhiteElo "2380"]
[BlackElo "2465"]
[PlyCount "51"]
[EventDate "1983.??.??"]

1. d4 Nf6 2. c4 e6 3. Nc3 Bb4 4. e3 c5 5. Nge2 cxd4 6. exd4 O-O 7. a3 Be7 8. g3
d5 9. cxd5 Nxd5 10. Bg2 Nxc3 11. bxc3 Nc6 12. O-O Bd7 13. Nf4 Rc8 14. d5 exd5
15. Nxd5 Be6 16. Bf4 Bf6 17. Rb1 Na5 18. Nxf6+ Qxf6 19. Qd4 Qxd4 20. cxd4 b6
21. d5 Bd7 22. Rfe1 Rfe8 23. Rxe8+ Rxe8 24. Rc1 Nb3 25. Rd1 Bg4 26. f3 1/2-1/2

[Event "BL 8283 Bochum-Bayern"]
[Site "?"]
[Date "1983.??.??"]
[Round "?.3"]
[White "Bischoff, K."]
[Black "Budde, V."]
[Result "1-0"]
[WhiteElo "2405"]
[BlackElo "2335"]
[PlyCount "77"]
[EventDate "1983.??.??"]

1. g3 d5 2. Bg2 Nf6 3. Nf3 e6 4. O-O Be7 5. c4 O-O 6. b3 c5 7. Bb2 Nc6 8. e3
Qc7 9. Qe2 Rd8 10. Nc3 Bd7 11. Rfd1 dxc4 12. bxc4 Na5 13. Rab1 a6 14. Ba1 Ne8
15. d3 Rab8 16. Ne4 f6 17. g4 Bc6 18. Nfd2 b5 19. f4 Nb7 20. g5 f5 21. Nf2 Bxg2
22. Kxg2 b4 23. Nf3 Na5 24. h4 Nc6 25. h5 Bf8 26. Qb2 Rd7 27. Rh1 Qd8 28. Rbd1
b3 29. axb3 Rdb7 30. h6 Rxb3 31. Qa2 Qa5 32. Qxa5 Nxa5 33. hxg7 Nxg7 34. Be5
Ra8 35. Rh6 Nc6 36. Rdh1 Ne7 37. Rxh7 Ng6 38. Bf6 Rb7 39. R7h6 1-0

[Event "BL 8283 Bochum-Bayern"]
[Site "?"]
[Date "1983.??.??"]
[Round "?.4"]
[White "Wittmann, R."]
[Black "Calvo Minguez, R."]
[Result "0-1"]
[WhiteElo "2325"]
[BlackElo "2420"]
[PlyCount "48"]
[EventDate "1983.??.??"]

1. e4 c5 2. Nf3 Nc6 3. d4 cxd4 4. Nxd4 Nf6 5. Nc3 d6 6. Bc4 Bd7 7. Be3 e6 8.
Qe2 Be7 9. O-O-O O-O 10. Bb3 Qb8 11. Rhg1 Nxd4 12. Bxd4 b5 13. e5 dxe5 14. Bxe5
Qb7 15. g4 Bc6 16. g5 Nd7 17. Rd4 Nxe5 18. Qxe5 Rad8 19. Rgd1 b4 20. Ne2 Bf3
21. h4 Qb6 22. Rxd8 Bxd8 23. Re1 Qxf2 24. Nf4 Bc7 0-1

[Event "BL 8283 Bochum-Bayern"]
[Site "?"]
[Date "1983.??.??"]
[Round "?.5"]
[White "Klundt, K."]
[Black "Heinbuch, D."]
[Result "0-1"]
[WhiteElo "2380"]
[BlackElo "2285"]
[PlyCount "52"]
[EventDate "1983.??.??"]

1. e4 c5 2. Nf3 Nc6 3. d4 cxd4 4. Nxd4 Nf6 5. Nc3 d6 6. Bc4 e6 7. Be3 Be7 8.
Qe2 Bd7 9. O-O-O Rc8 10. Bb3 Na5 11. g4 Rxc3 12. bxc3 Nxe4 13. Kb2 d5 14. Nf3
b5 15. Bd4 O-O 16. Nd2 Nd6 17. Qe3 Nc6 18. Bxa7 Nxa7 19. Qxa7 Bf6 20. a3 b4 21.
Nb1 Nb5 22. Qc5 Nxc3 23. Nxc3 Bxc3+ 24. Kb1 Qa8 25. Rd3 Qxa3 26. Rxc3 Ra8 0-1

[Event "BL 8283 Bochum-Bayern"]
[Site "?"]
[Date "1983.??.??"]
[Round "?.7"]
[White "Saacke, B."]
[Black "Ackermann, H."]
[Result "0-1"]
[WhiteElo "2380"]
[BlackElo "2255"]
[PlyCount "94"]
[EventDate "1983.??.??"]

1. d4 Nf6 2. Nf3 e6 3. e3 c5 4. Bd3 b6 5. O-O Bb7 6. b3 Nc6 7. a3 g6 8. Bb2 Bg7
9. dxc5 bxc5 10. e4 O-O 11. Nbd2 d5 12. Qe2 Qb6 13. Rab1 Rfd8 14. Rfe1 Rd7 15.
h3 Rad8 16. e5 Nh5 17. Qe3 Bf8 18. Qg5 Be7 19. Qg4 Ba6 20. Bxa6 Qxa6 21. c4 d4
22. Ne4 Qa5 23. Neg5 Qc7 24. Rbd1 Rb8 25. Rd3 Na5 26. Nd2 Qd8 27. Nge4 Rdb7 28.
b4 Nc6 29. Nf3 cxb4 30. axb4 Rxb4 31. Bc1 Rb1 32. Ned2 Ra1 33. Nb3 Rb1 34. Nbd2
Bb4 35. Qe4 Qc7 36. Rd1 Bxd2 37. R3xd2 R1b4 38. Rc2 Ra4 39. Bd2 Rd8 40. Rcc1
Ng7 41. Bg5 Rc8 42. Nxd4 Qxe5 43. Qh4 Nxd4 44. Rxd4 Nf5 45. Bf6 Qxd4 46. g4
Raxc4 47. Rf1 h6 0-1

[Event "BL 8283 Bochum-Bayern"]
[Site "?"]
[Date "1983.??.??"]
[Round "?.8"]
[White "Lentze, I."]
[Black "Schubert, C."]
[Result "0-1"]
[WhiteElo "2315"]
[BlackElo "2255"]
[PlyCount "104"]
[EventDate "1983.??.??"]

1. e4 d6 2. d4 Nf6 3. Nc3 g6 4. g3 Bg7 5. Bg2 O-O 6. Nge2 Nbd7 7. O-O c5 8. h3
Rb8 9. a4 a6 10. a5 cxd4 11. Nxd4 Nc5 12. Be3 Bd7 13. Nde2 Qc8 14. Nf4 Re8 15.
Kh2 Bc6 16. Nfd5 Ncd7 17. Ba7 Ra8 18. Bd4 e6 19. Bxf6 Nxf6 20. Nb6 Qc7 21. Nxa8
Rxa8 22. Qd2 Rc8 23. Rfe1 Nd7 24. Red1 Ne5 25. Qe2 Be8 26. Bf1 Nc6 27. Qc4 Qd8
28. Qb3 Nd4 29. Qxb7 Rb8 30. Qxa6 Qf6 31. Kg2 Rxb2 32. Bd3 Qf3+ 33. Kg1 Nxc2
34. Bxc2 Rxc2 35. Qf1 Rxc3 36. Rxd6 Rc8 37. Qa6 Qc3 38. Rad1 Bf6 39. Qb7 Ba4
40. R1d3 Qc1+ 41. Kg2 Rf8 42. a6 Be5 43. Rd8 Bc6 44. Qc8 Bxe4+ 45. f3 Qxc8 46.
Rxc8 Rxc8 47. fxe4 Ra8 48. Ra3 Kf8 49. Kf3 Ke7 50. Ke3 Kd7 51. Kd3 Kc7 52. Kc4
Kb6 0-1

[Event "BL 8283 Solingen-München 36"]
[Site "?"]
[Date "1983.??.??"]
[Round "?.1"]
[White "Unzicker, W."]
[Black "Spassky, B."]
[Result "1/2-1/2"]
[WhiteElo "2465"]
[BlackElo "2610"]
[PlyCount "35"]
[EventDate "1983.??.??"]

1. d4 Nf6 2. c4 g6 3. g3 Bg7 4. Bg2 O-O 5. Nf3 d6 6. O-O c6 7. Nc3 Bf5 8. b3
Ne4 9. Bb2 Nxc3 10. Bxc3 Be4 11. e3 e6 12. Re1 Nd7 13. Bf1 c5 14. Rc1 b6 15.
Qe2 Qe7 16. Red1 Rfd8 17. Bg2 Rac8 18. dxc5 1/2-1/2